Το εξωτερικό εμπόριο πορτοκαλιών της Ελλάδος
Αποθηκεύτηκε σε:
| Κύριος συγγραφέας: | |
|---|---|
| Συγγραφή απο Οργανισμό/Αρχή: | |
| Μορφή: | Βιβλίο |
| Γλώσσα: | Greek |
| Δημοσίευση: |
Αθήνα :
Αγροτική Τράπεζα της Ελλάδος,
1984
|
| Σειρά: | Μελέτες για την αγροτική οικονομία ;
; 14 |
| Θέματα: | |
| Ετικέτες: |
Προσθήκη ετικέτας
Δεν υπάρχουν, Καταχωρήστε ετικέτα πρώτοι!
|
MARC
| LEADER | 00000nam a2200000 i 4500 | ||
|---|---|---|---|
| 001 | 1/60252 | ||
| 008 | 961030s1984 gre d | ||
| 035 | |l 10028682 | ||
| 040 | |a GR-MY-UA |b gre |e aacr | ||
| 041 | 0 | |a gre | |
| 082 | 0 | |a 382.41431009495 | |
| 100 | 1 | |a Μηλιάκος, Δημήτριος Ι. | |
| 245 | 1 | 3 | |a Το εξωτερικό εμπόριο πορτοκαλιών της Ελλάδος / |c Δημ. Ιωάν. Μηλιάκου |
| 260 | |a Αθήνα : |b Αγροτική Τράπεζα της Ελλάδος, |c 1984 | ||
| 300 | |a 171 σ. | ||
| 490 | 1 | |a Μελέτες για την αγροτική οικονομία |v ; 14 | |
| 504 | |a Περιέχει βιβλιογραφία | ||
| 650 | 0 | 0 | |a Oranges |z Greece. |
| 650 | 0 | 0 | |a Produce trade. |
| 651 | 0 | |a Greece |x Commerce. | |
| 710 | 2 | |a Αγροτική Τράπεζα Ελλάδος |b Διεύθυνση Μελετών και Προγραμματισμού. | |
| 830 | 0 | |a Μελέτες για την αγροτική οικονομία ; |v ; 14 | |
| 852 | |a INST |b CHIOS |e 19980713 |h 382.41431009495 ΜΗΛ |p 005200005001 |q 005200005001 |t BK |y 0 | ||
| 852 | |a INST |b LESVOS |e 19961030 |h 382.41431009495 ΜΗΛ |p 005100008955 |q 005100008955 |t BK |y 0 | ||
| 909 | |a Λ |b 007855 | ||
| 909 | |a Χ |b 007704 | ||